000 00657nam a2200253Ia 4500
001 36402
005 20240114001853.0
007 ta
008 070420s1947 a g b000 u 465 u
040 _aCotton College,Assam
041 _a465
082 _a709.54
_bAu 68 Si
100 _aAurobindo, ..
245 0 _aThe Significance of Indian Art /
_cAurobindo.
_hTextual Documents
250 _a1st ed. /
260 _aBombay :
_bSri Aurobindo Circle ,
_c1947.
300 _a103p. :
_bill ;
_c20cm .
653 _aIndian Art
653 _aArts-India
653 _aG-Technology
942 _2ddc
_cBK
999 _c36384
_d36384